Statistiken für 25 größte Länder nach Fläche

Klicken Sie hier um das Quiz zu spielen!

Allgemein

  • Dieses Quiz wurde 280 mal gespielt
  • Das Durchschnittsergebnis liegt bei 21 aus 25

Antwortstatistiken

Fläche in km²Land% Korrekt
9 984 670Kanada
100%
17 098 242Russland
100%
9 833 517Vereinigte Staaten
100%
8 515 770Brasilien
99%
9 596 960China
99%
7 741 220
Australien
97%
2 780 400Argentinien
96%
3 287 263Indien
94%
1 964 375Mexiko
93%
2 724 900Kasachstan
91%
2 344 858D.R. Kongo
89%
2 381 740Algerien
87%
1 564 116Mongolei
87%
1 904 569Indonesien
85%
1 648 195Iran
80%
2 149 690Saudi-Arabien
79%
1 861 484Sudan
77%
1 219 090Südafrika
74%
1 759 540Libyen
72%
1 267 000Niger
72%
1 284 000Tschad
69%
1 285 216Peru
68%
1 240 192Mali
66%
1 138 910Kolumbien
60%
1 246 700Angola
54%

Verteilung der Resultate

Perzentil nach korrekt beantworteten Fragen

Anzahl Personen mit jedem Resultat

Ihre Resultats-Entwicklung

Sie haben dieses Quiz noch nicht gespielt